Business Intelligence: nástroj který umí proměnit data v peníze

Hľadanie a spracovanie veľkého množstva dát o klientoch alebo každodennej prevádzke firmy pomocou nástroja Business intelligence. Metódy Business intelligence. Manažérsky kokpit. Autopilot na manažérske rozhodnutia. Miliónové úspory pomocou Business inteligence.

Salvato in:
Dettagli Bibliografici
Autore principale: Jouklová, Věra
Natura: Capitolo di libro
Lingua:ceco
Soggetti:
Tags: Aggiungi Tag
Nessun Tag, puoi essere il primo ad aggiungerne!!

MARC

LEADER 00000naa$a2200000$$$4500
001 0056474
005 20231010094316.0
041 0 |a cze 
044 |a CZ 
245 1 0 |a Business Intelligence: nástroj který umí proměnit data v peníze  |c Věra Jouklová 
520 |a Hľadanie a spracovanie veľkého množstva dát o klientoch alebo každodennej prevádzke firmy pomocou nástroja Business intelligence. Metódy Business intelligence. Manažérsky kokpit. Autopilot na manažérske rozhodnutia. Miliónové úspory pomocou Business inteligence. 
610 2 0 |a systémy informačné 
610 2 0 |a banky 
610 2 0 |a klienti 
610 2 0 |a automatizácia 
610 2 0 |a služby 
610 2 0 |a rozhodovanie manažérske 
100 1 |a Jouklová, Věra